1330 1267 1635 1240 1235 1782 1697 1207 1869 1094 1554 1460 1907 1003 1284 1350 1523 1244 1587 1267 1084 1141 1368 1453 1307 1856 1844 1300 1779 1125 1951 1678 1093 1632 1407 1502 1949 1273 1993 1553 1273 1159 1724 1869 1763 1565 1470 1187 1165 1243 1718 1063 1390 1983 1063 1681 1944 1455 1300 1169 1317 1778 1978 1351 1784 1716 1340 1167 1116 1112 1687 1517 1635 1297 1295 1999 1201 1400 1741 1321 1346 1025 1816 1417 1344 1112 1324 1661 1602 1894 1425 1510 1668 1805 1663 1933 1162 1696 1151 BCNSPRNW ULIB Ver.6.0+V

เปลี่ยนเป็นภาษาไทย

Change to English
 แสดงรายละเอียดบรรณานุกรม
  กลับหน้าหลัก

Brief Record : Get Marc (ISO 2709) : E-mail record : QR code < ปิดหน้าต่าง
LEADER : 00000nam 2200000uu 4500
001    13399113088
003     ULIB
008    110926s2550||||th 000 0 tha d
020    9746552848
050 04 PL4158^bก534ก 2550
100 0  การุณันทน์ รัตนแสนวงษ์
245 10 การใช้ภาษาไทย /^cการุณันทน์ รัตนแสนวงษ์
250    พิมพ์ครั้งที่ 1
260    กรุงเทพฯ :^bสำนักวิชาการศึกษาทั่วไป มหาวิทยาลัยศรีปทุม,^c2550
300    118 หน้า :^bภาพประกอบ ;^c26 ซม
505 2  ความรู้ทั่วไปเกี่ยวกับภาษาไทย -- การฟัง -- หลักการอ่าน --การอ่านตีความ -- การใช้คำ -- การสนทนา -- การเขียนเรียงความ -- การเขียนบทร้อยกรอง -- การสัมภาษณ์ -- การอภิปราย -- การประชุม
650  7 ภาษาไทย^xการใช้ภาษา
650  7 การฟัง
650  7 การอ่าน
650  7 การพูด
650  7 การเขียน
945    ^p120^l0^i021580
945    ^p120^l0^i021581
995    ทศพร
999 ^a ทศพร
รายการนี้ยังไม่มีแท็ก
คุณยังไม่ได้ล็อกอิน คุณสามารถมีกิจกรรมร่วมกับเว็บไซต์ได้ แต่ต้องล็อกอินก่อน ::
  ล็อกอิน

รายการสื่อสารสนเทศ

ลำดับที่ ประเภท เลขเรียก/บาร์โค้ด สถานที่ สถานะ
- ไม่พบข้อมูล -

รายการใกล้เคียง
    ผู้แต่ง [การุณันทน์ รัตนแสนวงษ์]

    หัวเรื่อง [การฟัง]
    หัวเรื่อง [การอ่าน]
    หัวเรื่อง [การพูด]
    หัวเรื่อง [การเขียน]

BibComment


ยังไม่เคยถูกคอมเมนท์

คอมเมนท์ทรัพยากรรายการนี้
  คอมเมนท์: การใช้ภาษาไทย กา..


 Copyright 2026. Bcnsprnw @Library